000 00734nam a2200217 i 4500
001 72966
003 ES-MaACL
005 20230906171624.0
007 t|
008 040906s1984 sp ||||1| spa d
020 _a84-398-1774-6
100 1 _aGoldblat, Jozef.
_957649
245 1 3 _aLa limitación de armamento :
_banálisis crítico de las negociaciones y acuerdos internacionales /
_cpor Jozef Goldblat.
250 _a1ª ed.
260 _aMadrid :
_bMovimiento por la Paz, el Desarme y la Libertad,
_c[1984]
300 _a133 p. ;
_c21 cm.
650 4 _aDesarme nuclear.
_9160553
650 4 _aArmamento-
_xControl.
_9171905
710 2 _aMovimiento por la Paz, el Desarme y la Libertad.
_95787
852 _aES-MaACL
_jL-11454
999 _c72966
_d72966